Ali Khan (Record no. 144786)
[ view plain ]
| 000 -LEADER | |
|---|---|
| campo de control de longitud fija | 00746nam a2200217 4500 |
| 001 - NÚMERO DE CONTROL | |
| campo de control | 144786 |
| 003 - IDENTIFICADOR DE NÚMERO DE CONTROL | |
| campo de control | ES-MaACL |
| 005 - FECHA Y HORA DE LA ÚLTIMA TRANSACCIÓN | |
| campo de control | 20230906201110.0 |
| 007 - CAMPO FIJO DE DESCRIPCIÓN FÍSICA--INFORMACIÓN GENERAL | |
| campo de control de longitud fija | t| |
| 008 - DATOS DE LONGITUD FIJA--INFORMACIÓN GENERAL | |
| campo de control de longitud fija | 070214s1967 sp r ||||1| spa d |
| 100 1# - ENTRADA PRINCIPAL--NOMBRE DE PERSONA | |
| Nombre de persona | Slater, Leonard. |
| 9 (RLIN) | 106771 |
| 245 10 - MENCIÓN DEL TÍTULO | |
| Título | Ali Khan |
| Resto del título | : príncipe divino, aventurero, diplomático y quizás el primer galán de nuestro tiempo / |
| Mención de responsabilidad, etc. | Leonard Slater ; [versión... Mercedes Montané]. |
| 250 ## - MENCION DE EDICION | |
| Mención de edición | 1ª ed. |
| 260 ## - PUBLICACIÓN, DISTRIBUCIÓN, ETC. | |
| Lugar de publicación, distribución, etc. | Barcelona ; |
| -- | México : |
| Nombre del editor, distribuidor, etc. | Grijalbo, |
| Fecha de publicación, distribución, etc. | 1967 ( |
| Fabricante | Universidad) |
| 300 ## - DESCRIPCIÓN FÍSICA | |
| Extensión | 328 p., 4 lám. ; |
| Dimensiones | 22 cm. |
| 490 1# - MENCIÓN DE SERIE | |
| Mención de serie | Biografías Gandesa |
| 700 1# - ENTRADA AGREGADA--NOMBRE PERSONAL | |
| Nombre de persona | Montané, Mercedes. |
| 9 (RLIN) | 82363 |
| 830 0# - PUNTO DE ACCESO ADICIONAL DE SERIE-TÍTULO UNIFORME | |
| Título uniforme | Biografías Gandesa |
| 9 (RLIN) | 182648 |
| 852 ## - LOCALIZACIÓN | |
| Ubicación | ES-MaACL |
| Número de control de estantería | C-31277 |
| Sublocalización o colección | R.61502 |
| Estatus retirado | Estado de pérdida | Estado de daño | No para préstamo | Biblioteca de origen | Biblioteca actual | Ubicación en estantería | Fecha de adquisición | Fuente de adquisición | Total de préstamos | Signatura topográfica completa | Código de barras | Visto por última vez | Precio de reemplazo | Tipo de ítem Koha |
|---|---|---|---|---|---|---|---|---|---|---|---|---|---|---|
| Biblioteca del Ateneo de Madrid | Biblioteca del Ateneo de Madrid | Depósito 2 | 17/01/2008 | C-31277 | 1151009 | 23/02/2023 | 23/02/2023 | Libro impreso |
